00281nam a2200109 a 4500008004100000050001500041100001600056245003600072246004500108260000900153350000900162120416s1971 xx |||||||||||||| || u aTH 438 War aWard, Sol A10aUrban planning and architecture aand the use of the critical path methods c1971 a0.00